| 000 | 00387cam a2200145ua 4500 | ||
|---|---|---|---|
| 003 | OSt | ||
| 008 | 250528b |||||||| |||| 00| 0 eng d | ||
| 041 | _aeng | ||
| 082 |
_a624.17 _bMUH/EX |
||
| 100 |
_aMuhilenbruch, W Carl . _97511 |
||
| 245 | _aExperimental mechanics and properties of materials / | ||
| 260 |
_aToronto : _bD Van nostrand co , _c1961. |
||
| 300 | _a243 ; . | ||
| 942 | _cBK | ||
| 999 |
_c9229 _d9229 |
||